Geography Quiz

Random Geography or Blitz Quiz

60 Second Blitz: Ending in 'ia' Countries Quiz Stats

Quiz Updated Jul 13, 2016

Challenge
Share
Tweet
Embed
Score 0/39 Timer 01:00
0 Plays Today
Country % Correct
Australia
55.5%
Austria
50.5%
Latvia
50.3%
Albania
50.3%
India
48.4%
Lithuania
47.9%
Russia
45.9%
Romania
45.5%
Estonia
43.3%
Bulgaria
43.3%
Slovakia
43.3%
Slovenia
42.4%
Algeria
40.8%
Serbia
38.6%
Croatia
38.1%
Indonesia
36.9%
Bolivia
32.5%
Colombia
31.1%
Armenia
30.8%
Nigeria
29%
Country % Correct
Namibia
28.1%
Malaysia
27.8%
Tanzania
26%
Czechia
25.5%
Zambia
24.7%
Georgia
23.8%
Macedonia
23.2%
Tunisia
23%
Cambodia
22.9%
Ethiopia
22.6%
Somalia
21.5%
Liberia
21.2%
Syria
20.5%
Mongolia
19.8%
The Gambia
18.8%
Saudi Arabia
16.6%
Mauritania
14.4%
Micronesia
11.4%
St. Lucia
10.1%

You're not logged in!

Compare scores with friends on all Sporcle quizzes.
Sign Up with Email
OR
Log In

You Might Also Like...

Show Comments

Extras

Top Quizzes Today


Score Distribution

Your Account Isn't Verified!

In order to create a playlist on Sporcle, you need to verify the email address you used during registration. Go to your Sporcle Settings to finish the process.